00234pam a2200097 a 4500020002100000041000500021100001700026245005100043250001000094260003200104 a978-8138-134-8c h aSamir Sinha. aHandbook on Wildlife Law Enforcement in India  a2012. a[s.l]:bNatraj Publication